Old Goriot /
שמור ב:
| מחבר ראשי: | |
|---|---|
| פורמט: | ספר |
| שפה: | אנגלית |
| יצא לאור: |
New York :
Penguin,
c1951.
|
| נושאים: | |
| תגים: |
אין תגיות, היה/י הראשונ/ה לתייג את הרשומה!
|
MARC
| LEADER | 00000cam a22000002a 4500 | ||
|---|---|---|---|
| 001 | 0000013008 | ||
| 003 | DAYSTAR | ||
| 005 | 20171002014755.0 | ||
| 008 | 030703s1951 nyu 001 0 eng d | ||
| 020 | |a 0140440178 | ||
| 040 | |a Daystar | ||
| 040 | |d jwaiganjo | ||
| 050 | 1 | |a PN 6013 |b .B36 | |
| 100 | 1 | |a Balzac, Honore de. | |
| 245 | 1 | 0 | |a Old Goriot / |c Honore de Balzac. |
| 260 | |a New York : |b Penguin, |c c1951. | ||
| 300 | |a 303 p. | ||
| 650 | 0 | |a English language- Fiction. | |
| 908 | |a 060412 | ||
| 942 | |c G | ||
| 952 | |0 0 |1 0 |4 0 |6 PN_6013_000000000000000_B36 |7 0 |9 6850 |a DUA |b DUA |c GC |d 2017-09-28 |l 0 |o PN 6013.B36 |p BK017883 |r 2017-09-28 00:00:00 |t c.1 |w 2017-09-28 |x 43325 |y G | ||
| 999 | |c 4495 |d 4495 | ||